| 000 | 00929nam a2200409Ia 4500 | ||
|---|---|---|---|
| 001 | 1127 | ||
| 008 | 191123s9999 xx 000 0 und d | ||
| 020 | _a9509837 | ||
| 041 | _aeng | ||
| 041 | _aspa | ||
| 044 | _aag | ||
| 100 | _aPaillet, Fernando, | ||
| 245 | 0 |
_aFernando Paillet : _bfotografías 1894/1940. |
|
| 260 |
_aBuenos Aires : _bFundación Antorchas, _c1987. |
||
| 300 |
_a81 p. _bfotos b/n |
||
| 500 | _aEjemplar numerado 00242/2100 | ||
| 504 | _aBibliografía pp. 80 | ||
| 650 | _aBIOGRAFIAS | ||
| 650 | _aCOSTUMBRES | ||
| 650 | _aFOTOGRAFIAS | ||
| 650 | _aPAILLET, FERNANDO | ||
| 650 | _aRETRATOS | ||
| 650 | _aSANTA FE | ||
| 650 | _aVIVIENDAS | ||
| 648 | _a1894-1940 | ||
| 902 | _aM | ||
| 903 | _am | ||
| 904 | _am | ||
| 907 | _aImpreso | ||
| 908 | _a1894 | ||
| 909 | _a1940 | ||
| 911 | _afotos b/n | ||
| 912 | _a1987 | ||
| 942 | _cLIBRO | ||
| 999 |
_c920 _d920 |
||
| 550 | _afotos b/n | ||